Music Quiz

Random Music or Pop Music Quiz

Led Zeppelin or Pink Floyd? Quiz Stats

 Plays Quiz Updated Jan 8, 2019

     
Support Sporcle.
Go Orange.
Score 0/24 Timer 02:00
1 Play Today
Song Led Zeppelin (L) or Pink Floyd (P) % Correct
Stairway To Heaven???
93.2%
Immigrant Song???
92.5%
Whole Lotta Love???
92.1%
Rock And Roll???
91.9%
Kashmir???
91.1%
Black Dog???
90.8%
Another Brick In The Wall???
89.1%
When The Levee Breaks???
88.6%
Wish You Were Here???
87.9%
Comfortably Numb???
87.3%
Ramble On???
86.4%
Time???
86.3%
Song Led Zeppelin (L) or Pink Floyd (P) % Correct
Us And Them???
85.4%
Good Times Bad Times???
84.6%
Misty Mountain Hop???
84.5%
Interstellar Overdrive???
84.2%
Welcome to the Machine???
84%
Going To California???
83.7%
See Emily Play???
83.5%
Set The Controls For The Heart Of The Sun???
81.7%
Run Like Hell???
80.3%
One Of These Days???
80.2%
Fool in the Rain???
73.7%
Dancing Days???
70.5%

From the Vault

Top 10 Christmas Tree Producing US States

by tomahaha

Holiday 2.5m
Plastic Christmas trees not included.
Remove Ads.
Support Sporcle.
Get the best of Sporcle when you Go Orange. This ad-free experience offers more features, more stats, and more fun while also helping to support Sporcle. Thank you for becoming a member.

Show Comments

Extras

Top Quizzes Today


Score Distribution

Your Account Isn't Verified!

In order to create a playlist on Sporcle, you need to verify the email address you used during registration. Go to your Sporcle Settings to finish the process.

Report this User

Report this user for behavior that violates our Community Guidelines.

Details: